000
00334nam a2200133Ia 4500
008
240624s9999 xx 000 0 und d
041
_a
eng
082
_a
658.452 KAU
100
_a
KAUL ASHA
245
_a
EFFECTIVE PRESENTATION TALK YOUR WAY TO
260
_c
2005
_a
New Delhi
_b
Response Books
300
_a
244 : p.
365
_c
RS
_b
34
999
_c
13948
_d
13948